01422nas a2200409 4500001001000000003000900010005001700019007000300036008003400039040005400073041000900127072001300136100002300149100002600172100002200198100002300220100002400243100002200267100002100289100001900310100001600329245013200345650001400477650001000491650003500501650001400536650003300550650002400583650002300607650002700630650001200657773011000669909004000779942001800819999001900837952015600856BR0400108BR-BrBNA20231205104300.0ta230509b bl.|||p| |||| 00| 00por d aBR-BrBNAbporcBiblioteca Nacional de Agricultura a(Pt) aQ60; E701 aSantana, J.C.F. de1 aBeltrão, N.E. de M.1 aLuz, M.J. da S. e1 aSilva Júnior, N.1 aAndrade, J.E. de O.1 aWanderley, M.J.R.1 aLima, M. do S.N.1 aLinhares, I.T.1 aSilva, N.F.1 aCaracterísticas tecnológicas da fibra e tipos comerciais dos algodões cearense e dos Estados Unidos da América do Norte aALGODÃO aFIBRA aPROPRIEDADE FÍSICO-QUÍMICA aQUALIDADE aCLASSIFICAÇÃO DE PRODUTO aCOMERCIALIZAÇÃO aINDÚSTRIA TEXTIL aMÉTODO ESTATÍSTICO aCEARÁ0 tRevista de Oleaginosas e Fibrosas (Brazil)xISSN 1415-6784g(Sep-Dec 2000), v. 4(3) p. 207-213wBR0400108 a202311bLúciac55dLúcia Elande 2AGRISn0cANA c177345d177345 002AGRIS4071a41918b41918cPeriódicos Agrícolash(Sep-Dec 2000), v. 4(3) p. 207-213l0r2023-11-29t01yCRePortaria Interministerial nº 164/94